00346nam a2200157Ia 4500003000500000008004100005020001800046040001900064082000700083100001600090245001700106246001300123260003000136300000800166546001400174STCL181203s9999 xx 000 0 und d a9788126451388 aSTCLbENcSTCL 222 aMeera, K.R. 0aകഥകൾ aKathakal bD C BooksaKottayamc2015 a270 aMalayalam